Logo BPK

Biblioteka

Politechniki Koszalińskiej

Economic accounts agriculture / (Rekord nr 34769)

Szczegóły MARC
000 -ETYKIETA REKORDU
podpole kontrolne o stałej długości 00825nam a2200253 i 4500
001 - NUMER KONTROLNY REKORDU
pole kontrolne bg
020 ## - MIĘDZYNARODOWY ZNORMALIZOWANY NUMER KSIĄŻKI - ISBN
ISBN 9264055290
040 ## - ŹRÓDŁO KATALOGOWANIA
Instytucja, która utworzyła rekord BPK
041 0# - KOD JĘZYKA
Kod języka tekstu enfr
080 ## - UNIWERSALNA KLASYFIKACJA DZIESIĘTNA - UKD
UKD 338.43(100.3-67OECD)"1979/..."(083.41)
920 ## - Międzynarodowy znormalizowany numer książki – ISBN
ISBN 92-64-05529-0
008 - POLE O STAŁEJ DŁUGOŚCI - DANE KONTROLNE
podpole kontrolne o stałej długości s pl f |000 0 pol
245 00 - TYTUŁ/ODPOWIEDZIALNOŚĆ
Tytuł Economic accounts agriculture /
Pozostałe elementy strefy tytułu i oznaczenia odpowiedzialności Organisation for Economic Co-operation and Development.
246 11 - WARIANT TYTUŁU
Tytuł Comptes économiques de l'agriculture
260 ## - STREFA ADRESU WYDAWNICZEGO
Miejsce wydania Paris :
Nazwa wydawcy/dystrybutora OECD,
Data publikacji, dystrybucji/powstania dokumentu 1997=
Nazwa wydawcy/dystrybutora OCDE.
300 ## - STREFA OPISU FIZYCZNEGO
Objętość 281 s. :
Inne cechy fizyczne wykr. ;
Rozmiary 28 cm.
490 1# - STREFA SERII I DOKUMENTU WIELOCZĘŚCIOWEGO - FORMA NIE DO WYSZUKIWANIA
Tytuł i oznaczenie odpowiedzialności serii Agricultural Statistics
500 ## - UWAGI OGÓLNE
Tekst uwagi Tekst równol. w jęz. ang. i fr.
504 ## - UWAGA DOTYCZĄCA BIBLIOGRAFII
Informacje o bibliografii Bibliogr. s. 19.
610 29 - HASŁO PRZEDMIOTOWE W FORMIE NAZWY CIAŁA ZBIOROWEGO
Nazwa ciała zbiorowego lub nazwa geograficzna Organizacja Współpracy Gospodarczej i Rozwoju
650 #9 - HASŁO PRZEDMIOTOWE W FORMIE NAZWY OGÓLNEJ LUB JEDNOSTKOWEJ
Nazwa ogólna lub geograficzna Rolnictwo
Określnik ogólny kraje gospodarczo rozwinięte
830 ## - HASŁO DODATKOWE SERII LUB DOKUMENTU WIELOCZĘŚCIOWEGO - TYTUŁ UJEDNOLICONY
Tytuł ujednolicony Agricultural Statistics
942 ## - DODATKOWE ELEMENTY (KOHA)
Typ dokumentu Książka
Egzemplarze
Wycofany Status egzemplarza Uszkodzony Dostępność Lokalizacja stała Lokalizacja bieżąca Miejsce przechowywania Sygnatura Kod kreskowy Typ dokumentu
      Tylko na miejscu Biblioteka Politechniki Koszalińskiej Biblioteka Politechniki Koszalińskiej Czytelnia Wydziałowa ul. Kwiatkowskiego 6e 48511 01418149 Książka
© 2023 Biblioteka Politechniki Koszalińskiej :: KOHA